Pretty little liars- All about "A".. do you know "A" as well as they know the liars? - Statistics

General Stats
  • This quiz has been taken 508 times
  • The average score is 7 of 15
Answer Stats
Hint Answer % Correct
In one scene "A" is shown playing spin the bottle on photos of the four girls, orginally the bottle lands on one of the liars face but another hands corrects the spin and turns it to Hanna, which girl did it land on originally? Aria
87%
"A" has only ever been seen in all black, but whats the other colour that is presumably associated with "A"? Red
78%
The girls tricked "A" into thinking that they had all turned on Emily, resulting in Emily meeting up with "A" and a fight ensuing.. What did "A" drop at the scene after running away? cell phone
65%
Who's basement did "A" use as a temporary home? Emily's
64%
What did Spencer's doll say? "Keep Toby safe"
53%
How does "A" sign off most of their messages? Kisses- A
49%
In another "A" scene, they are printing off a photo of two people and when the camera zooms out we see that "A" has plastered the walls in different sizes of this same photo, who were the two people in the photo? Emily and Maya
44%
What did Hanna's doll say? "Stop the wedding"
44%
"I'm everywhere and soon you'll..." Be nowhere
40%
"I told you, dead girls..." Can't smile
39%
"The truth will bury you in a.." New york minute
37%
In season Two the girls are sent creepy dolls from "A" that when the girls pulled on their strings the dolls gave each girl something that "A" wanted them to do... What did Aria's doll say? "Make Jackie go away"
34%
"New York, New York, It's a hell of a town, Ali's keeping secrets, maybe that's because of..." Hanna's big mouth
26%
"You rat out T i take down..." One of your 3
21%
What did Emily's doll say? "I'm taking you to her, go alone"
20%
No matching quizzes found
Score Distribution
Percent of People with Each Score
Percentile by Number Answered
Your Score History
You have not taken this quiz